Statistics for Patron Saints of Countries

Click here to take the quiz!

General Stats

  • This quiz has been taken 139 times
  • The average score is 3 of 18

Answer Stats

Patron SaintCOUNTRY% Correct
Joan of ArcFrance
85%
OlafNorway
68%
MarinusSan Marino
40%
Canute IVDenmark
29%
Thomas the ApostleIndia
25%
Josephine BakhitaSudan
14%
Peter of AlcantaraBrazil
13%
Mark the EvangelistEgypt
13%
ThorlakIceland
11%
GallSwitzerland
11%
BarnabasCyprus
8%
Gregory the IlluminatorArmenia
6%
Colomon of StockerauAustria
5%
PlechelmNetherlands
5%
Louis BertrandColombia
2%
DevotaMonaco
2%
Joseph VazSri Lanka
2%
Vincent de PaulMadagascar
1%

Score Distribution

Percentile by Number Answered

Percent of People with Each Score

Your Score History

You have not taken this quiz